000 00635nam a2200265Ia 4500
005 20260121165845.0
008 008 260114s9999 xx 000 0 eng d
020 _a9783319398174
037 _aEBOOK
040 _aCRL
040 _beng
040 _cCRL
041 _2eng
041 _aeng
084 _qCRL
100 _aDaming Zhu, Sergey Bereg
_91056897
245 0 _aFrontiers in Algorithmics
260 _bSpringer
260 _bSpringer
260 _c2016
856 _uhttps://link.springer.com/openurl?genre=book&isbn=978-3-319-39817-4
942 _cEBOOK
999 _c1622625
_d1622625